Political Parties and Democracy /

محفوظ في:
التفاصيل البيبلوغرافية
المؤلف الرئيسي: Diamond, Larry
مؤلفون آخرون: ed. Gunther, Richard ed
التنسيق: نص
منشور في: Baltimore, Maryland: The Johns Hopkins University Press
الموضوعات:
الوسوم: إضافة وسم
لا توجد وسوم, كن أول من يضع وسما على هذه التسجيلة!

MARC

LEADER 00000 a a2200000 04500
001 28521
003
040
020 |a 0-8018-6863-7  
090 |a 188801  
100 |a Diamond, Larry  
245 |a Political Parties and Democracy /  |c Larry Diamond 
260 |a Baltimore, Maryland:   |b The Johns Hopkins University Press  
300 |a 356 p   |b **no definido**  
650 |a PARTIDOS POLITICOS  
650 |a DEMOCRACIA  
650 |a IDEOLOGIAS POLITICAS  
700 |a ed.   |a Gunther, Richard   |a ed.  
999 |c 10360  |d 10360